Dievčatko v červených šatách Z výstavy Veľká retrospektíva

Bibliographic Details
Format: Article
Language:Slovak
Subjects:

MARC

LEADER 00000nab a2200000 a 4500
001 vtls000912160
003 SK-MaSNL
005 20260305014004.0
008 040720e19910805xo 0 slo
035 |a KE21071 
040 |a KEVKJB  |b slo  |c KEVKJB  |e AACR2 
041 0 |a slo 
044 |a xo  |c SK 
080 |a 73/76  |2 1981 
080 |a 069  |2 1981 
245 0 0 |a Dievčatko v červených šatách  |b Z výstavy Veľká retrospektíva 
600 1 7 |a Halász-Hradil, Elemír,  |d 1873-1948  |2 KEVKJB  |9 114027 
610 2 7 |a Východoslovenská galéria (Košice, Slovensko)  |2 KEVKJB  |9 29814 
610 2 7 |a Galéria Júliusa Jakobyho (Košice, Slovensko)  |2 KEVKJB  |9 29565 
648 7 |a 1991  |2 snkbucl  |9 277043 
650 0 7 |a výstavy  |2 KEVKJB  |9 2780 
773 0 8 |t Košický večer  |g Roč. 2  |g Roč. 28, č.150, 5.8.1991, s. 5 
852 |a ZVYKNI  |b KIS3GCP 
999 |c 3267045  |d 3268975